000 01429cam a22003495i 4500
001 122666
005 20230410124134.0
008 100128|2007 cau 00 0 eng
020 _a9781592237906
020 _a1592237908
035 _a(CaOOAMICUS)000037785667
040 _aCaOWTU
_beng
050 1 4 _aNA 737
_bJ67f 2007
082 0 0 _a724.91
100 1 _aJohnson, Jinny.
245 1 0 _aFrank Gehry in pop-up /
_cJimmy Johnson and Roland Lewis.
260 _aSan Diego :
_bThunder Bay Press, 2007
300 _a1 v. (unpaged) :
_bcol. ill. ;
_c33 cm.
505 0 _tFrank Gehry: a new perspective --
_tIntroduction: the work of Frank Gehry --
_tGuggenheim Museum, Bilbao, Spain --
_tNorton House, Venice Beach, California --
_tWalt Disney Concert Hall, Los Angeles, California --
_tExperience Music Project, Seattle, Washington --
_tNew Customhouse, Dusseldorf, Germany.
520 _a"Experience five of Frank Gehry's most extraordinary creations in 3-D as they are brought to life through state-f-the-art paper engineering"--Cover.
600 1 0 _aGehry, Frank O.,
_d1929-
650 0 _aArchitecture
_zUnited States
_y20th century.
650 0 _aArchitecture
_vMiscellanea.
650 0 _aToy and movable books.
600 1 4 _aGehry, Frank, 1929- .
650 4 _aArquitectura moderna
_ySiglo XX.
700 1 _aLewis, Roland.
850 0 _mBIB 187814
942 _2lcc
_cbk
946 _aJaaM
999 _c71778
_d71778